[Event "Hong Kong-ch prel"]
[Site "Hong Kong"]
[Date "2017.02.13"]
[Round "5"]
[White "Uppal, Mahir"]
[Black "Bret, Jean Sebastien"]
[Result "0-1"]
[WhiteElo "1176"]
[BlackElo "1571"]
[PlyCount "98"]
[EventDate "2017.01.09"]
[EventType "swiss"]
[EventRounds "11"]
[EventCountry "HKG"]
[SourceTitle "EXT 2018"]
[Source "ChessBase"]
[SourceDate "2017.10.13"]
[SourceVersion "1"]
[SourceVersionDate "2017.10.13"]
[SourceQuality "1"]

1. d4 e6 2. c4 Nf6 3. Nf3 Bb4+ 4. Bd2 a5 5. a3 Bxd2+ 6. Nbxd2 0-0 7. e3 d5 8. Bd3 b6 9. cxd5 exd5 10. 0-0 Ba6 11. Bxa6 Nxa6 12. Qc2 Rc8 13. Rac1 Re8 14. Ne5 c5 15. Qf5 c4 16. b3 b5 17. Rc3 b4 18. axb4 axb4 19. Rc2 c3 20. Ndf3 h6 21. Qd3 Qb6 22. Ra1 Nb8 23. Qd1 Nfd7 24. Qb1 Nxe5 25. Nxe5 Nc6 26. Nd7 Qd8 27. Nc5 Rc7 28. Raa2 Rce7 29. Ra6 Nxd4 30. Rca2 c2 31. Qa1 Ne2+ 32. Kf1 c1Q+ 33. Qxc1 Nxc1 34. Rc2 Nxb3 35. Nxb3 Rc7 36. Rd2 Qh4 37. h3 Qc4+ 38. Kg1 Qxa6 39. Rxd5 Qe2 40. Rd2 Qc4 41. Rb2 Rd8 42. Rb1 Rdc8 43. Na5 Qa2 44. Rf1 Rc1 45. Rxc1 Rxc1+ 46. Kh2 Qxa5 47. g3 Qd5 48. e4 Qxe4 49. f3 Qe2# 0-1

[Event "Hong Kong op"]
[Site "Hong Kong"]
[Date "2016.11.21"]
[Round "7"]
[White "Uppal, Mahir"]
[Black "Leung, Ho Yan Andrew"]
[Result "0-1"]
[WhiteElo "1129"]
[BlackElo "2009"]
[PlyCount "64"]
[EventDate "2016.10.03"]
[EventType "swiss"]
[EventRounds "9"]
[EventCountry "HKG"]
[SourceTitle "EXT 2018"]
[Source "ChessBase"]
[SourceDate "2017.10.13"]
[SourceVersion "1"]
[SourceVersionDate "2017.10.13"]
[SourceQuality "1"]

1. c4 c5 2. Nc3 Nc6 3. Nf3 g6 4. b3 Bg7 5. Bb2 d6 6. g3 e5 7. Bg2 Nge7 8. d3 0-0 9. 0-0 h6 10. Nd2 f5 11. Nd5 Rb8 12. Qc2 Nxd5 13. Bxd5+ Kh7 14. Qc3 Nd4 15. Rfe1 a6 16. e3 Ne6 17. Nf3 Nc7 18. Qd2 Nxd5 19. cxd5 b5 20. Rec1 Bb7 21. e4 f4 22. Kg2 Bc8 23. a3 Rb7 24. b4 Rbf7 25. g4 Bxg4 26. bxc5 dxc5 27. Rxc5 Bxf3+ 28. Kxf3 Qh4 29. Kg2 f3+ 30. Kh1 Rf4 31. Rg1 Rg4 32. Rxg4 Qxg4 0-1

[Event "Hong Kong op"]
[Site "Hong Kong"]
[Date "2016.10.10"]
[Round "2"]
[White "Liu, Ho Yin"]
[Black "Uppal, Mahir"]
[Result "1-0"]
[WhiteElo "1467"]
[BlackElo "1129"]
[PlyCount "87"]
[EventDate "2016.10.03"]
[EventType "swiss"]
[EventRounds "9"]
[EventCountry "HKG"]
[SourceTitle "EXT 2018"]
[Source "ChessBase"]
[SourceDate "2017.10.13"]
[SourceVersion "1"]
[SourceVersionDate "2017.10.13"]
[SourceQuality "1"]

1. d4 Nf6 2. c4 g6 3. Nc3 Bg7 4. e4 d6 5. Nf3 0-0 6. Be2 c5 7. 0-0 Nc6 8. Be3 b6 9. d5 Nb8 10. Rb1 e5 11. Bg5 Ba6 12. Qd2 Nbd7 13. h4 h5 14. a3 Qc7 15. b3 Kh7 16. Ne1 Rab8 17. Nd3 Ng8 18. g4 hxg4 19. Bxg4 Bh6 20. f4 f6 21. Bxh6 Nxh6 22. Be6 f5 23. h5 fxe4 24. hxg6+ Kg7 25. Nxe4 Kxg6 26. Qg2+ Kh7 27. Ng5+ Kh8 28. Qh3 Rf6 29. Bxd7 Rg8 30. Kh1 exf4 31. Rxf4 Rfg6 32. Rg1 Bc8 33. Bxc8 Qxc8 34. Qxc8 Rxc8 35. Nf7+ Kg7 36. Rxg6+ Kxg6 37. Nxh6 Rh8 38. Rg4+ Kh5 39. Nf7 Kxg4+ 40. Nxh8 Kf3 41. Nf7 Ke3 42. Ne1 Ke2 43. Ng2 Kf3 44. Nxd6 1-0